Top 100 MLB Players - Statistics

General Stats
  • This quiz has been taken 41 times
    37 since last reset
  • The average score is 48 of 100
Answer Stats
Hint Answer % Correct
Braves-OF Ronald Acuna Jr.
96%
Dodgers-DH/SP Shohei Ohtani
96%
Yankees-OF Aaron Judge
93%
Dodgers-SS Mookie Betts
89%
Phillies-1B Bryce Harper
82%
Rangers-SS Corey Seager
82%
Dodgers-1B Freddie Freeman
82%
Yankees-SP Gerrit Cole
82%
Dbacks-SP Eduardo Rodriguez
75%
Guardians-3B Jose Ramirez
75%
Yankees-OF Juan Soto
75%
Mariners-OF Julio Rodriguez
75%
Braves-1B Matt Olson
75%
Braves-SP Spencer Strider
75%
Phillies-SS Trea Turner
75%
Blue Jays-1B Vladimir Guerrero Jr.
75%
Dbacks-OF Corbin Carroll
71%
Astros-OF Kyle Tucker
71%
Angels-OF Mike Trout
71%
Padres-OF Fernando Tatis Jr.
68%
Mets-SS Francisco Lindor
68%
Rangers-2B Marcus Semien
68%
Astros-OF Yordan Alvarez
68%
Orioles-C Adley Rutschman
64%
Astros-3B Alex Bregman
64%
Royals-3B Bobby Witt Jr.
64%
Padres-3B Manny Machado
64%
Braves-2B Ozzie Albies
64%
Mets-1B Pete Alonso
64%
Rangers-OF Adolis Garcia
61%
Braves-3B Austin Riley
61%
Blue Jays-SS Bo Bichette
61%
Orioles-SP Corbin Burnes
61%
Braves-SP Max Fried
61%
Redsox-3B Rafeal Devers
61%
Dodgers-C Will Smith
61%
Giants-SP Blake Snell
57%
Cardinals-1B Paul Goldschmidt
57%
Phillies SP Zack Wheeler
57%
Phillies-SP Aaron Nola
54%
Cubs-1B Cody Bellinger
54%
Reds-3B Elly De La Cruz
54%
Astros-SP Justin Verlander
54%
Braves-OF Michael Harris Jr.
54%
Cardinals-3B Nolan Arenado
54%
Cubs-SS Dansby Swanson
50%
Blue Jays-SP Kevin Gausman
50%
Giants-SP Logan Webb
50%
Rays-OF Randy Arozarena
50%
Twins-SS Carlos Correa
46%
Brewers-OF Christian Yelich
46%
Blue Jays-OF George Springer
46%
Phillies-DH Kyle Schwarber
46%
Whitesox-OF Luis Robert Jr.
46%
Braves-DH Marcell Ozuna
46%
Padres-SS Xander Bogaerts
46%
Orioles-3B Gunnar Henderson
43%
Astros-CL Josh Hader
43%
Phillies-C J.T Realmuto
43%
Dbacks-SP Zac Gallen
43%
Mets-CL Edwin Diaz
39%
Dbacks-2B Ketel Marte
39%
Brewers-C Willson Contreras
39%
Guardians-CL Emmanuel Clase
36%
Padres-2B Ha Seong-Kim
36%
Mariners-SP Luis Castillo
36%
Cardinals-C William Contreras
36%
Orioles-OF Cedric Mullins
32%
Astros-SP Framber Valdez
32%
Cubs-SP Justin Steele
32%
Mariners-SP Logan Gilbert
32%
Cubs-2B Nico Hoerner
32%
Mets-OF Brandon Nimmo
29%
Pirates-OF Bryan Reynolds
29%
Dbacks-1B Christian Walker
29%
Brewers-CL Devin Williams
29%
Mariners-SP George Kirby
29%
Padres-SP Joe Musgrove
29%
Guardians-1B Josh Naylor
29%
Braves-SS Orlando Arcia
29%
Dodgers-SP Yoshinobu Yamamoto
29%
Rangers-OF Evan Carter
25%
Mets-DH J.D Martinez
25%
Rangers-3B Josh Jung
25%
Twins-3B Royce Lewis
25%
Red Sox-1B Triston Casas
25%
Giants-CL Camilo Doval
21%
Cubs-3B Christopher Morel
21%
Dbacks-C Gabriel Moreno
21%
Rays-OF Josh Lowe
21%
Rangers-SP Nathan Eovaldi
21%
Twins-SP Pablo Lopez
21%
Cubs-OF Seiya Suzuki
21%
Dodgers-SP Tyler Glasnow
21%
Rangers-OF Wyatt Langford
21%
Orioles-SP Kyle Bradish
18%
Rockies-OF Nolan Jones
18%
Dbacks-SP Jordan Montgomery
11%
Mets-SP Kodai Senga
7%
Reds-SS Matt McClain
7%
No matching quizzes found
Score Distribution
Percent of People with Each Score
Percentile by Number Answered
Your Score History
You have not taken this quiz since the last reset